000 00656nam a22002537a 4500
003 UA-OsUOA
001 23703
007 ta
008 20040127b un ||||| |||| 00| 0 ukr d
100 _aШульга Н.А.
090 _a316.61
_bШ95
942 _cBK
040 _aUA-OsUOA
_brus
_cUA-OsUOA
_dUA-OsUOA
245 _aЭтническая Самоидентификация Личности
300 _a200 с.
955 _a0
041 _arus
080 _a316.61
020 _a966-02-0062-5
260 _aКиев
_bИнститут Социологии НАН Украины
_c1996
044 _aRU
650 7 _2UDC
999 _c309958
_d309958